000 00587nam a2200205 b 4500
001 00000000102141
003 OSt
005 20160405163539.0
008 020226s1962 esp 000 spa d
040 _cBMC
082 _a830
100 1 _943
_aGoethe, Johann Wolfgang von
_d1749-1832
245 1 4 _aLas afinidades electivas
_cJ. W. Goethe; [traducido del alemán por Ramón Mª. Tenreiro]
250 _a6ª ed
260 _aMadrid
_bEspasa-Calpe
_c1962
300 _a248 p.
_b18 cm
490 _aAustral
_v60
700 _9237
_aTenreiro, Ramón María
942 _2ddc
_cBK
_hprozim
999 _c46
_d46